Name a Country Containing Each Letter - Sprint - Statistics

General Stats
  • This quiz has been taken 685 times
  • The average score is 14 of 26
Answer Stats
Letter Country % Correct
A Afghanistan | Albania | Algeria | Andorra | Angola | Antigua and Barbuda...
100%
B Albania | Antigua and Barbuda | Azerbaijan | Bahamas | Bahrain | Bangladesh...
98%
C Cambodia | Cameroon | Canada | Cape Verde | Central African Republic...
97%
D Andorra | Antigua and Barbuda | Bangladesh | Barbados | Bosnia and Herzegovina...
94%
E Algeria | Argentina | Armenia | Azerbaijan |Bangladesh | Belarus | Belgium | Belize...
93%
F Afghanistan | Burkina Faso | Central African Republic | Fiji | Finland | France...
91%
G Afghanistan | Algeria | Angola | Antigua and Barbuda | Argentina | Bangladesh...
89%
H Afghanistan | Bahamas | Bahrain | Bangladesh | Bhutan...
84%
I Afghanistan | Albania | Algeria | Antigua and Barbuda | Argentina | Armenia...
82%
J Azerbaijan | Djibouti | Fiji | Jamaica |Japan | Jordan | Tajikistan
77%
K Burkina Faso | Denmark | Kazakhstan |Kenya | Kiribati | Kosovo | Kuwait...
72%
L Albania | Algeria | Angola | Australia | Bangladesh | Belarus | Belgium...
68%
M Armenia | Bahamas | Belgium | Cambodia | Cameroon | Colombia...
60%
N Afghanistan | Albania | Andorra | Angola |Antigua and Barbuda | Argentina...
55%
O Andorra | Angola | Barbados | Bolivia |Bosnia and Herzegovina | Botswana...
51%
P Cape Verde | Central African Republic |Republic of the Congo | Cyprus...
44%
Q Equatorial Guinea | Iraq | Mozambique |Qatar
40%
R Algeria | Andorra | Antigua and Barbuda |Argentina | Armenia | Australia | Austria...
35%
S Afghanistan | Australia | Austria | Bahamas | Bangladesh | Barbados...
30%
T Afghanistan | Antigua and Barbuda | Argentina | Australia | Austria...
24%
U Antigua and Barbuda | Australia | Austria |Belarus | Belgium | Bhutan | Brunei...
18%
V Bolivia | Bosnia and Herzegovina | CapeVerde | El Salvador | Ivory Coast...
14%
W Botswana | Eswatini | Kuwait | Malawi | New Zealand | Norway...
6%
Y Cyprus | Egypt | Germany | Guyana | Hungary | Italy | Ivory Coast | Kenya...
6%
Z Azerbaijan | Belize | Bosnia and Herzegovina | Brazil | Czech Republic...
5%
X Luxembourg | Mexico
3%
No matching quizzes found
Score Distribution
Percent of People with Each Score
Percentile by Number Answered
Your Score History
You have not taken this quiz